[Event "Euskadi ch"]
[Site "Portugalete (Bizkaia)"]
[Date "2004.04.13"]
[Round "1.1"]
[White "Gomez Esteban, Mario"]
[Black "Manso Marquez, Felix"]
[Result "1-0"]
[WhiteElo "2450"]
[BlackElo "2097"]
[PlyCount "77"]
[EventDate "2004.04.13"]
[Source "AjedrezVasco.co"]
[SourceDate "2004.04.18"]

1. d4 Nf6 2. Nf3 e6 3. c4 d5 4. Nc3 Nbd7 5. cxd5 exd5 6. Bf4 c6 7. e3 Be7 8. h3
O-O 9. Bd3 Re8 10. O-O Nf8 11. Rb1 Ng6 12. Bh2 Bd6 13. Bxd6 Qxd6 14. b4 Be6 15.
Qc2 Rac8 16. Rfc1 Nd7 17. Ng5 Ndf8 18. Na4 Qe7 19. Nf3 Nd7 20. Nc5 Qf6 21. Nxe6
fxe6 22. Bxg6 hxg6 23. b5 c5 24. Qa4 cxd4 25. exd4 Qf4 26. Re1 Nc5 27. Qxa7 Nd3
28. Rf1 Qf7 29. Qa3 Nf4 30. Rb2 Rf8 31. Ne5 Qf5 32. Qe3 g5 33. a4 Rf6 34. Ng4
Rf7 35. Kh2 Rc4 36. Ne5 Rxa4 37. Nxf7 Kxf7 38. Rc1 Kg6 39. Rc7 1-0

[Event "Euskadi ch"]
[Site "Portugalete (Bizkaia)"]
[Date "2004.04.13"]
[Round "1.2"]
[White "Huerga Leache, Mikel"]
[Black "Alvarez Ibarra, Rafael"]
[Result "0-1"]
[WhiteElo "2092"]
[BlackElo "2421"]
[PlyCount "104"]
[EventDate "2004.04.13"]
[Source "AjedrezVasco.co"]
[SourceDate "2004.04.18"]

1. e4 e5 2. Nf3 Nc6 3. Bb5 Nf6 4. O-O Be7 5. Re1 d6 6. d4 Bd7 7. Nc3 exd4 8.
Nxd4 O-O 9. Bxc6 bxc6 10. Qf3 c5 11. Nf5 Bxf5 12. Qxf5 Nd7 13. Bf4 Bf6 14. Rad1
Re8 15. Re3 Rb8 16. Nd5 Bd4 17. Rg3 Re6 $11 18. Bg5 Bf6 19. Nxf6+ Nxf6 20. Bxf6
Qxf6 21. Qxf6 Rxf6 22. Rb3 Rb6 23. Rxb6 axb6 24. f3 Re6 25. Kf2 Kf8 26. Rd3 h5
27. h3 Ke7 28. g4 hxg4 29. hxg4 Rh6 30. Kg3 Rh1 31. c4 Rc1 32. b3 Rc2 33. a4 g5
34. f4 f6 35. Kf3 Rb2 36. Kg3 Ke6 37. Kf3 Rb1 38. f5+ Kd7 39. Kf2 Rb2+ 40. Kf1
Rh2 41. Re3 Kc6 42. Kg1 Rh4 43. Rg3 Kb7 44. Kf2 Ka6 45. Kg2 Ka5 46. Kg1 Kb4 47.
Kg2 Ka3 48. Kg1 Kb2 49. Kg2 Kc2 50. Kg1 Rh8 51. Kg2 Rh7 52. Kg1 Re7 0-1

[Event "Euskadi ch"]
[Site "Portugalete (Bizkaia)"]
[Date "2004.04.13"]
[Round "1.3"]
[White "Andres Gonzalez, Alberto"]
[Black "Hernandez Perez, Jesus"]
[Result "1-0"]
[WhiteElo "2397"]
[BlackElo "2088"]
[PlyCount "85"]
[EventDate "2004.04.13"]
[Source "AjedrezVasco.co"]
[SourceDate "2004.04.18"]

1. d4 f5 2. e4 fxe4 3. Nc3 Nf6 4. Bg5 g6 5. f3 e3 6. Bxe3 Bg7 7. Qd2 e6 8. Nge2
Nc6 9. Nf4 d5 10. Bb5 Bd7 11. Bxc6 bxc6 12. Nd3 O-O 13. O-O-O Qe7 14. Rde1 Ne8
15. Bg5 Bf6 16. Bxf6 Qxf6 17. Ne5 Rd8 18. Na4 Ng7 19. Nc5 Be8 20. Re3 Qg5 21.
Ra3 Qxd2+ 22. Kxd2 Ra8 23. g4 g5 24. Rb3 Rf4 25. Ke3 Bg6 26. c3 Bf7 27. h4 h6
28. Nxc6 Rf6 29. Nd7 Ne8 30. Nxf6+ Nxf6 31. hxg5 hxg5 32. Rb7 Ne8 33. Ne5 a5
34. Nc6 Ra6 35. Ne5 Rb6 36. Rxb6 cxb6 37. a4 Nd6 38. b3 Be8 39. Rh6 Bf7 40.
Nxf7 Kxf7 41. Rh7+ Kf6 42. Rd7 Ne8 43. Rb7 1-0

[Event "Euskadi ch"]
[Site "Portugalete (Bizkaia)"]
[Date "2004.04.13"]
[Round "1.4"]
[White "Ayesta Perojo, Enrique"]
[Black "Gonzalez de la Torre, Santiago"]
[Result "0-1"]
[WhiteElo "2069"]
[BlackElo "2351"]
[PlyCount "48"]
[EventDate "2004.04.13"]
[Source "AjedrezVasco.co"]
[SourceDate "2004.04.18"]

1. c4 e5 2. Nc3 Nf6 3. g3 d5 4. cxd5 Nxd5 5. Bg2 Nb6 6. Nf3 Nc6 7. O-O Be7 8.
d3 O-O 9. a3 Re8 10. Be3 Bf8 11. Rc1 Nd4 12. Nd2 Nf5 13. Bxb6 axb6 14. Nc4 c6
15. b4 b5 16. Na5 Bd6 17. Nxc6 bxc6 18. Bxc6 Bd7 19. Bxa8 Qxa8 20. Qb3 Nd4 21.
Qb2 Bh3 22. e4 Bxf1 23. Kxf1 Qc8 24. Kg2 Qg4 0-1

[Event "Euskadi ch"]
[Site "Portugalete (Bizkaia)"]
[Date "2004.04.13"]
[Round "1.5"]
[White "Argandoña Riveiro, Iñigo"]
[Black "Martinez Pelaez, David"]
[Result "1-0"]
[WhiteElo "2346"]
[BlackElo "2042"]
[PlyCount "53"]
[EventDate "2004.04.13"]
[Source "AjedrezVasco.co"]
[SourceDate "2004.04.18"]

1. d4 d5 2. Bg5 c6 3. e3 Bf5 4. Nf3 Qb6 5. Qc1 e6 6. Be2 Nd7 7. Nbd2 Ngf6 8.
O-O Be7 9. c4 O-O 10. Ne5 Rfe8 11. Bxf6 Nxf6 12. g4 Bg6 13. h4 h6 14. Nxg6 fxg6
15. Qc2 g5 16. hxg5 hxg5 17. c5 Qc7 18. f4 Nd7 19. Bd3 Nf8 20. Nf3 gxf4 21. Ne5
f3 22. Rxf3 Bf6 23. Qh2 Qe7 24. Ng6 Qd8 25. Qh8+ Kf7 26. Ne5+ Ke7 27. Qxg7+ 1-0

[Event "Euskadi ch"]
[Site "Portugalete (Bizkaia)"]
[Date "2004.04.13"]
[Round "1.6"]
[White "Virto Alustiza, Aingeru"]
[Black "Navarro Cia, Miguel"]
[Result "0-1"]
[WhiteElo "2035"]
[BlackElo "2326"]
[PlyCount "132"]
[EventDate "2004.04.13"]
[Source "AjedrezVasco.co"]
[SourceDate "2004.04.18"]

1. e4 Nf6 2. e5 Nd5 3. g3 d6 4. exd6 cxd6 5. Bg2 Nf6 6. c3 Nc6 7. d4 d5 8. Nf3
Bg4 9. Qb3 Bxf3 10. Bxf3 Qd7 11. O-O e6 12. Nd2 Rc8 13. Re1 Bd6 14. Nf1 O-O 15.
Kg2 Na5 16. Qd1 b5 17. a3 Nc4 18. Ne3 a5 19. g4 Qc7 20. h4 b4 21. g5 Nxe3+ 22.
Rxe3 Nd7 23. cxb4 axb4 24. a4 Nb6 25. b3 Bf4 26. Re1 Bxc1 27. Qxc1 Qd6 28. Qd2
Rc3 29. Re3 Rfc8 30. Rae1 Qf4 31. a5 Rc2 32. Qxb4 Qxh4 33. Be2 Nd7 34. Rg3 Qf4
35. Rg4 Qf5 36. Rg3 Nf8 37. Qb5 Qe4+ 38. Kf1 Qxd4 39. Rd1 Qf4 40. Qa4 Qxa4 41.
bxa4 Nd7 42. Rg4 Nc5 43. Rdd4 Nb3 44. Rb4 Nxa5 45. Rh4 Nc6 46. Rbf4 Ne5 47. Rh3
Ng6 48. Rb4 Ra2 49. Rf3 Ne5 50. Re3 Nc6 51. Rh4 Ra1+ 52. Kg2 Ne7 53. Reh3 Ng6
54. Rb4 e5 55. Bg4 Nf4+ 56. Rxf4 exf4 57. Bxc8 Rxa4 58. Rb3 g6 59. Kf3 Kg7 60.
Bb7 f6 61. gxf6+ Kxf6 62. Bxd5 g5 63. Kg4 Ra1 64. f3 Rg1+ 65. Kh5 Rh1+ 66. Kg4
Rh4# 0-1

[Event "Euskadi ch"]
[Site "Portugalete (Bizkaia)"]
[Date "2004.04.13"]
[Round "1.7"]
[White "Fernandez, Gerardo"]
[Black "Roman Mediavilla, Jorge"]
[Result "1-0"]
[WhiteElo "2228"]
[BlackElo "2019"]
[PlyCount "79"]
[EventDate "2004.04.13"]
[Source "AjedrezVasco.co"]
[SourceDate "2004.04.18"]

1. e4 e6 2. d3 d5 3. Qe2 Nc6 4. Nf3 dxe4 5. dxe4 Nd4 6. Qd1 Nxf3+ 7. Qxf3 Bd6
8. Nc3 c6 9. Bc4 Qh4 10. Be3 Nf6 11. O-O-O Be7 12. Be2 Nd7 13. g3 Qf6 14. Qg2
Bb4 15. Bd2 O-O 16. f4 e5 17. Kb1 a5 18. g4 b5 19. g5 Qe7 20. f5 f6 21. h4 Kh8
22. h5 fxg5 23. Bxg5 Nf6 24. h6 Bxc3 25. hxg7+ Qxg7 26. Bxf6 Rxf6 27. Qxg7+
Kxg7 28. Rhg1+ Kf8 29. bxc3 Ba6 30. Rd7 Rf7 31. Rd6 Rc8 32. Bh5 Rb7 33. Rf6+
Ke7 34. Re6+ Kf8 35. f6 b4 36. f7 bxc3+ 37. Kc1 Rxf7 38. Bxf7 Kxf7 39. Rxe5 c5
40. Rgg5 1-0

[Event "Euskadi ch"]
[Site "Portugalete (Bizkaia)"]
[Date "2004.04.13"]
[Round "1.9"]
[White "Alonso Alonso, Ivan"]
[Black "Urbieta Gabancho, Koldo"]
[Result "1-0"]
[WhiteElo "2190"]
[BlackElo "2009"]
[PlyCount "77"]
[EventDate "2004.04.13"]
[Source "AjedrezVasco.co"]
[SourceDate "2004.04.18"]

1. e4 d5 2. exd5 Qxd5 3. Nc3 Qd8 4. d4 c6 5. Nf3 Nf6 6. Bg5 e6 7. Ne4 Be7 8.
Bxf6 Bxf6 9. c3 g6 10. Nxf6+ Qxf6 11. Qd2 O-O 12. h4 h5 13. O-O-O Nd7 14. Bd3
e5 15. dxe5 Nxe5 16. Nxe5 Qxe5 17. Rhe1 Qf6 18. Qg5 Kg7 19. Re7 b5 20. Qxf6+
Kxf6 21. Rc7 Be6 22. Rxc6 a6 23. Bc2 Kg7 24. b3 a5 25. Be4 Ra7 26. Rb6 a4 27.
Kb2 axb3 28. axb3 Ra5 29. Bc6 Rc8 30. Rxb5 Ra7 31. Be4 Re7 32. f3 f5 33. Rb7
Rcc7 34. Rxc7 Rxc7 35. Bd5 Rd7 36. c4 Kf6 37. f4 Rd6 38. Kc3 Bc8 39. Ra1 1-0

[Event "Euskadi ch"]
[Site "Portugalete (Bizkaia)"]
[Date "2004.04.13"]
[Round "1.10"]
[White "Saez Gabikagogeaskoa, Oscar"]
[Black "Navarrete Delgado, Sergio"]
[Result "0-1"]
[WhiteElo "1994"]
[BlackElo "2165"]
[PlyCount "58"]
[EventDate "2004.04.13"]
[Source "AjedrezVasco.co"]
[SourceDate "2004.04.18"]

1. e4 d5 2. exd5 Nf6 3. Bb5+ Nbd7 4. c4 a6 5. Bxd7+ Bxd7 6. Nf3 e6 7. dxe6 Bxe6
8. Qe2 Qd6 9. Ng5 O-O-O 10. Nxe6 Re8 11. O-O Rxe6 12. Qf3 Qe5 13. d3 Bd6 14. g3
g5 15. Qe3 Qf5 16. Qxg5 Qxd3 17. Qg7 Rhe8 18. Bg5 Be5 19. Nd2 Qf5 20. Bxf6 Rxf6
21. Rae1 Rfe6 22. Rxe5 Rxe5 23. Nb3 c5 24. Qh6 R5e6 25. Qd2 h5 26. h4 b6 27.
Rd1 Re2 28. Qf4 Qh3 29. Qc1 R8e3 0-1

[Event "Euskadi ch"]
[Site "Portugalete (Bizkaia)"]
[Date "2004.04.14"]
[Round "2.1"]
[White "Navarro Cia, Miguel"]
[Black "Gomez Esteban, Mario"]
[Result "0-1"]
[WhiteElo "2326"]
[BlackElo "2450"]
[PlyCount "74"]
[EventDate "2004.04.13"]
[Source "AjedrezVasco.co"]
[SourceDate "2004.04.18"]

1. e4 c6 2. Nc3 d5 3. d4 dxe4 4. Nxe4 Nd7 5. Ng5 Ngf6 6. Bd3 e6 7. N1f3 Bd6 8.
Qe2 h6 9. Ne4 Nxe4 10. Qxe4 Qc7 11. Qg4 Kf8 12. Qh4 b6 13. Bd2 c5 14. O-O-O Bb7
15. Kb1 c4 16. Be4 Be7 17. Bg5 Bxg5 18. Nxg5 Kg8 19. Bxb7 Qxb7 20. Qe4 Qc8 21.
Nf3 Nf6 22. Qe1 Qb7 23. Rg1 Rc8 24. c3 g6 25. Ne5 Kg7 26. f4 h5 27. h3 b5 28.
g4 hxg4 29. hxg4 b4 30. cxb4 c3 31. bxc3 Rh2 32. Rd2 Rxd2 33. Qxd2 Ne4 34. Qb2
Nxc3+ 35. Ka1 Qe4 36. Rc1 Na4 37. Qd2 Qxd4+ 0-1

[Event "Euskadi ch"]
[Site "Portugalete (Bizkaia)"]
[Date "2004.04.14"]
[Round "2.2"]
[White "Alvarez Ibarra, Rafael"]
[Black "Fernandez, Gerardo"]
[Result "1-0"]
[WhiteElo "2421"]
[BlackElo "2228"]
[PlyCount "41"]
[EventDate "2004.04.13"]
[Source "AjedrezVasco.co"]
[SourceDate "2004.04.18"]

1. e4 e5 2. d4 exd4 3. Nf3 d6 4. Nxd4 g6 5. Nc3 Bg7 6. Be3 Ne7 7. Qd2 Nbc6 8.
O-O-O a6 9. Nxc6 bxc6 10. Bh6 Bxh6 11. Qxh6 Ng8 12. Qe3 Qe7 13. Bc4 Nf6 14.
Rhe1 O-O 15. e5 Ne8 16. Qh6 d5 17. Bxd5 cxd5 18. Nxd5 Qe6 19. Re3 c6 20. Rh3
Qxh3 21. Ne7+ 1-0

[Event "Euskadi ch"]
[Site "Portugalete (Bizkaia)"]
[Date "2004.04.14"]
[Round "2.3"]
[White "Navarrete Delgado, Sergio"]
[Black "Andres Gonzalez, Alberto"]
[Result "0-1"]
[WhiteElo "2165"]
[BlackElo "2397"]
[PlyCount "95"]
[EventDate "2004.04.13"]
[Source "AjedrezVasco.co"]
[SourceDate "2004.04.18"]

1. e4 c6 2. d4 g6 3. Nc3 d5 4. Bf4 Bg7 5. exd5 cxd5 6. Qf3 Nf6 7. h3 O-O 8.
O-O-O Nc6 9. g4 Be6 10. Qe3 Qa5 11. f3 Rfc8 12. Bd3 Nxd4 13. Qxd4 Nd7 14. Qa4
Bxc3 15. Qxa5 Bxa5 16. h4 Bc7 17. Ne2 Nc5 18. h5 Bd7 19. Bxc7 Rxc7 20. Nf4 Bc6
21. hxg6 hxg6 22. Rh3 Kg7 23. Be2 Rd8 24. b4 Na4 25. b5 e5 26. bxc6 exf4 27.
cxb7 Nc3 28. Re1 Rxb7 29. Kd2 Nxa2 30. Ra1 Nb4 31. Ra4 d4 32. Rh1 Rd5 33. Rha1
Rc5 34. Rxb4 Rxb4 35. Rxa7 Re5 36. Bd3 Kf6 37. Rc7 Re3 38. Be4 Rb2 39. Rd7 d3
40. Rd6+ Ke5 41. Rd5+ Ke6 42. Rxd3 Rxd3+ 43. Kxd3 Ke5 44. Kc4 Rb1 45. Kc5 Re1
46. Bc6 g5 47. Bd7 Re3 48. Bc8 0-1

[Event "Euskadi ch"]
[Site "Portugalete (Bizkaia)"]
[Date "2004.04.14"]
[Round "2.4"]
[White "Gonzalez de la Torre, Santiago"]
[Black "Alonso Alonso, Ivan"]
[Result "1/2-1/2"]
[WhiteElo "2351"]
[BlackElo "2190"]
[PlyCount "115"]
[EventDate "2004.04.13"]
[Source "AjedrezVasco.co"]
[SourceDate "2004.04.18"]

1. d4 d6 2. Nf3 Nf6 3. c4 g6 4. Nc3 Bg7 5. e4 O-O 6. Be3 e5 7. dxe5 dxe5 8.
Qxd8 Rxd8 9. Nd5 Nxd5 10. cxd5 c6 11. Bc4 cxd5 12. Bxd5 Nc6 13. Bxc6 bxc6 14.
O-O f6 15. Rfc1 Bd7 16. Nd2 Bf8 17. Nb3 Rdb8 18. Rc2 a5 19. Rd1 Be8 20. g4 a4
21. Nc5 Bxc5 22. Bxc5 Kf7 23. h4 Rd8 24. Rxd8 Rxd8 25. Rc4 Rd1+ 26. Kg2 Bd7 27.
g5 fxg5 28. hxg5 Rd2 29. Rxa4 Rxb2 30. Ra8 Rb5 31. Rf8+ Kg7 32. Bd6 Be6 33. Re8
Bxa2 34. Re7+ Bf7 35. Bxe5+ Kf8 36. Bf6 c5 37. Rc7 Ke8 38. Re7+ Kf8 39. Rc7 Ke8
40. Kg3 c4 41. Re7+ Kf8 42. Rc7 Ke8 43. Kf4 Rb6 44. Ke5 Rb5+ 45. Kd6 Rb6+ 46.
Kc5 Ra6 47. Rc8+ Kd7 48. Rd8+ Kc7 49. Rh8 Rc6+ 50. Kb4 Kd6 51. Rxh7 Rb6+ 52.
Ka5 Rb7 53. Rh8 Be6 54. Rd8+ Kc5 55. Bd4+ Kc6 56. e5 Rb5+ 57. Ka4 Rd5 58. Rxd5
1/2-1/2

[Event "Euskadi ch"]
[Site "Portugalete (Bizkaia)"]
[Date "2004.04.14"]
[Round "2.5"]
[White "Agirretxe San Sebastian, Jesus"]
[Black "Argandoña Riveiro, Iñigo"]
[Result "0-1"]
[WhiteElo "2155"]
[BlackElo "2346"]
[PlyCount "50"]
[EventDate "2004.04.13"]
[Source "AjedrezVasco.co"]
[SourceDate "2004.04.18"]

1. d4 Nf6 2. c4 e6 3. Nc3 Bb4 4. g3 O-O 5. Bg2 d5 6. Nf3 dxc4 7. O-O Nc6 8. Bg5
h6 9. Bxf6 Qxf6 10. Ne4 Qf5 11. Qc2 Be7 12. Rac1 b5 13. Rfd1 Bb7 14. Nc3 Qxc2
15. Rxc2 Nb4 16. Rcc1 a6 17. a4 Rab8 18. axb5 axb5 19. Ra1 Rfd8 20. Ra5 Bc6 21.
Ne5 Be8 22. Ra7 Bd6 23. f4 Nc2 24. Be4 Nxd4 25. Rxd4 Bc5 0-1

[Event "Euskadi ch"]
[Site "Portugalete (Bizkaia)"]
[Date "2004.04.14"]
[Round "2.6"]
[White "Olaizola Ortega, Luis"]
[Black "Arce Balluerca, Jorge"]
[Result "1-0"]
[WhiteElo "2212"]
[BlackElo "2120"]
[PlyCount "121"]
[EventDate "2004.04.13"]
[Source "AjedrezVasco.co"]
[SourceDate "2004.04.18"]

1. d4 d6 2. Nf3 g6 3. g3 Bg7 4. Bg2 Nf6 5. O-O O-O 6. c4 c6 7. Nc3 Qa5 8. e4 e5
9. Rb1 Be6 10. b4 Qc7 11. d5 cxd5 12. cxd5 Bg4 13. Qd3 Qe7 14. Be3 Bc8 15. h3
Nh5 16. Rfc1 f5 17. Nb5 fxe4 18. Qxe4 Bf5 19. Bg5 Nf6 20. Qe3 Bxb1 21. Nc7 Na6
22. Nxa8 Bxa2 23. Qxa7 Bxd5 24. Nb6 Be6 25. b5 Nc5 26. Nxe5 dxe5 27. Nd5 Bxd5
28. Bxd5+ Kh8 29. Qxc5 Qd7 30. Bxf6 Rxf6 31. Qc8+ Qxc8 32. Rxc8+ Rf8 33. Bxb7
Rxc8 34. Bxc8 Bf8 35. b6 Kg7 36. b7 Bd6 37. Kg2 e4 38. Kf1 Kf6 39. Ke2 Ke5 40.
h4 h6 41. g4 g5 42. h5 Kd4 43. Kd2 Bf4+ 44. Kc2 Bd6 45. Kb3 Kc5 46. Bf5 Kb5 47.
Bxe4 Bb8 48. Kc3 Kc5 49. Kd3 Bc7 50. Bf3 Kd6 51. Ke4 Ke6 52. Be2 Bb8 53. Bc4+
Kf6 54. Kd5 Ke7 55. Kc6 Kd8 56. Kb6 Ke7 57. f3 Kd8 58. f4 gxf4 59. g5 hxg5 60.
h6 Be5 61. h7 1-0

[Event "Euskadi ch"]
[Site "Portugalete (Bizkaia)"]
[Date "2004.04.14"]
[Round "2.9"]
[White "Manso Marquez, Felix"]
[Black "Virto Alustiza, Aingeru"]
[Result "1-0"]
[WhiteElo "2097"]
[BlackElo "2035"]
[PlyCount "47"]
[EventDate "2004.04.13"]
[Source "AjedrezVasco.co"]
[SourceDate "2004.04.18"]

1. d4 Nf6 2. c4 c6 3. Nc3 d5 4. e3 e6 5. Nf3 Nbd7 6. Bd3 dxc4 7. Bxc4 c5 8. d5
exd5 9. Nxd5 Nxd5 10. Qxd5 Qf6 11. e4 h6 12. O-O Be7 13. e5 Qg6 14. Bb5 Qb6 15.
Ba4 Qe6 16. Qe4 O-O 17. Bc2 f5 18. Qe2 Nb6 19. b4 Kh8 20. bxc5 Bxc5 21. Bb3 Qc6
22. e6 Nd5 23. Bb2 Qxe6 24. Qc4 1-0

[Event "Euskadi ch"]
[Site "Portugalete (Bizkaia)"]
[Date "2004.04.14"]
[Round "2.10"]
[White "Roman Mediavilla, Jorge"]
[Black "Huerga Leache, Mikel"]
[Result "0-1"]
[WhiteElo "2019"]
[BlackElo "2092"]
[PlyCount "108"]
[EventDate "2004.04.13"]
[Source "AjedrezVasco.co"]
[SourceDate "2004.04.18"]

1. c4 c6 2. Nf3 Nf6 3. Nc3 d5 4. cxd5 cxd5 5. d4 Nc6 6. e3 a6 7. Bd2 Bf5 8. a3
e6 9. Be2 Bd6 10. O-O h6 11. Na4 Ne4 12. Rc1 Rc8 13. Qb3 b5 14. Nc5 Bxc5 15.
dxc5 Nxd2 16. Nxd2 O-O 17. Nf3 e5 18. Rfd1 Be6 19. Qc3 Qc7 20. b4 Rb8 21. Rb1
g5 22. h3 f5 23. Nh2 e4 24. f3 Qg3 25. Nf1 Qh4 26. Qe1 Qxe1 27. Rxe1 f4 28.
fxe4 dxe4 29. Nh2 Ne5 30. Rf1 Bc4 31. Rb2 Nd3 32. Bxd3 Bxd3 33. Re1 h5 34. Nf1
a5 35. Nd2 f3 36. gxf3 exf3 37. Kf2 Kg7 38. Nb3 axb4 39. axb4 Kg6 40. Nd4 Bc4
41. Nc6 Rbe8 42. Rd2 g4 43. hxg4 hxg4 44. Rd6+ Kg5 45. Rh1 Rh8 46. Rdd1 Reg8
47. Na5 Rd8 48. Nxc4 Rxh1 49. Rxd8 Rh2+ 50. Kg1 Rg2+ 51. Kh1 bxc4 52. c6 Kh4
53. c7 Kg3 54. Rd1 f2 0-1

[Event "Euskadi ch"]
[Site "Portugalete (Bizkaia)"]
[Date "2004.04.14"]
[Round "2.11"]
[White "Hernandez Perez, Jesus"]
[Black "Saez Gabikagogeaskoa, Oscar"]
[Result "1-0"]
[WhiteElo "2088"]
[BlackElo "1994"]
[PlyCount "106"]
[EventDate "2004.04.13"]
[Source "AjedrezVasco.co"]
[SourceDate "2004.04.18"]

1. d4 Nf6 2. Bg5 Ne4 3. Bf4 c5 4. f3 Qa5+ 5. c3 Nf6 6. Nd2 cxd4 7. Nb3 Qb6 8.
Qxd4 Nc6 9. Qxb6 axb6 10. e4 e5 11. Bg5 d6 12. Bc4 Be6 13. Nd2 d5 14. Bb3 Na5
15. Ba4+ Nc6 16. Bb3 d4 17. Bxe6 fxe6 18. Ne2 Bc5 19. Bh4 b5 20. Bf2 Ra4 21.
O-O O-O 22. Rfd1 Ba7 23. a3 d3 24. Nc1 Bxf2+ 25. Kxf2 Ng4+ 26. Kg3 Ne3 27. Rg1
Rd8 28. Ncb3 b6 29. Rab1 Ne7 30. Kf2 Nc2 31. Rgd1 Ng6 32. g3 Ra7 33. Na1 Ne7
34. Rbc1 Nxa1 35. Rxa1 Nc6 36. Nb3 Rf7 37. Ke3 Na5 38. Nxa5 bxa5 39. Rd2 b4 40.
axb4 axb4 41. cxb4 Rb7 42. Rxd3 Rxd3+ 43. Kxd3 Rxb4 44. Kc3 Rb7 45. b4 Rc7+ 46.
Kb3 Rd7 47. Rc1 Kf7 48. b5 Ke7 49. Kb4 Rd2 50. b6 Kd6 51. Kb5 Rb2+ 52. Ka6 Ra2+
53. Kb7 Rxh2 1-0

[Event "Euskadi ch"]
[Site "Portugalete (Bizkaia)"]
[Date "2004.04.14"]
[Round "2.12"]
[White "Urbieta Gabancho, Koldo"]
[Black "Ayesta Perojo, Enrique"]
[Result "0-1"]
[WhiteElo "2009"]
[BlackElo "2069"]
[PlyCount "48"]
[EventDate "2004.04.13"]
[Source "AjedrezVasco.co"]
[SourceDate "2004.04.18"]

1. e4 c6 2. d3 d5 3. Nd2 e5 4. g3 Nf6 5. Bg2 Bd6 6. Ne2 O-O 7. O-O Nbd7 8. a4
a5 9. Nc3 Nb6 10. h3 Qc7 11. Re1 Be6 12. Nf1 dxe4 13. Nxe4 Nxe4 14. Bxe4 f5 15.
Bg2 Rae8 16. d4 f4 17. dxe5 fxg3 18. f4 Bc5+ 19. Be3 Bxe3+ 20. Rxe3 Rxf4 21.
Nxg3 Nc4 22. Re1 Qb6+ 23. Kh2 Ne3 24. Qe2 Nxg2 0-1

[Event "Euskadi ch"]
[Site "Portugalete (Bizkaia)"]
[Date "2004.04.14"]
[Round "3.1"]
[White "Gomez Esteban, Mario"]
[Black "Andres Gonzalez, Alberto"]
[Result "1-0"]
[WhiteElo "2450"]
[BlackElo "2397"]
[PlyCount "97"]
[EventDate "2004.04.13"]
[Source "AjedrezVasco.co"]
[SourceDate "2004.04.18"]

1. d4 Nf6 2. c4 e6 3. Nf3 Bb4+ 4. Nbd2 b6 5. a3 Bxd2+ 6. Qxd2 Bb7 7. e3 d6 8.
Be2 Nbd7 9. O-O O-O 10. b4 a5 11. Bb2 Ne4 12. Qd3 f5 13. Nd2 Qg5 14. f3 Nxd2
15. Qxd2 Rf6 16. Rf2 Rg6 17. d5 axb4 18. axb4 Rxa1+ 19. Bxa1 h6 20. f4 Qe7 21.
Bh5 Rf6 22. Bxf6 Nxf6 23. Bf3 exd5 24. cxd5 Ne4 25. Bxe4 Qxe4 26. Qd4 Qxd4 27.
exd4 Bxd5 28. b5 Bc4 29. d5 Bxb5 30. Rc2 Bd3 31. Rxc7 Be4 32. Rc6 Bxd5 33. Rxd6
Be4 34. Rxb6 Kf7 35. g3 Bc2 36. Kf2 Be4 37. Ke3 Bc2 38. Kd4 Ke7 39. Ke5 Kf7 40.
h3 Bd3 41. Rd6 Bc2 42. Rd7+ Kf8 43. Ke6 Kg8 44. Ke7 Bb3 45. Rd8+ Kh7 46. Kf8 g5
47. Rd7+ Kg6 48. Rd6+ Kh7 49. h4 1-0

[Event "Euskadi ch"]
[Site "Portugalete (Bizkaia)"]
[Date "2004.04.14"]
[Round "3.2"]
[White "Argandoña Riveiro, Iñigo"]
[Black "Alvarez Ibarra, Rafael"]
[Result "1/2-1/2"]
[WhiteElo "2346"]
[BlackElo "2421"]
[PlyCount "60"]
[EventDate "2004.04.13"]
[Source "AjedrezVasco.co"]
[SourceDate "2004.04.18"]

1. d4 d5 2. Bg5 f6 3. Bh4 Nh6 4. f3 c5 5. c3 Qb6 6. Qd2 e6 7. g4 Nc6 8. Bf2 e5
9. e3 Be6 10. Ne2 Be7 11. Bg2 O-O 12. O-O Rad8 13. h4 Nf7 14. a3 Nd6 15. dxc5
Qxc5 16. b4 Qb6 17. e4 Qc7 18. exd5 Nc4 19. Qc2 Rxd5 20. f4 Rd7 21. Be4 Bxg4
22. Bxh7+ Kh8 23. Bf5 Bxf5 24. Qxf5 g6 25. Qe4 Nd8 26. h5 f5 27. Qh1 g5 28.
fxe5 Nc6 29. e6 Rd3 30. Nd4 Nxd4 1/2-1/2

[Event "Euskadi ch"]
[Site "Portugalete (Bizkaia)"]
[Date "2004.04.14"]
[Round "3.4"]
[White "Alonso Alonso, Ivan"]
[Black "Olaizola Ortega, Luis"]
[Result "1/2-1/2"]
[WhiteElo "2190"]
[BlackElo "2212"]
[PlyCount "20"]
[EventDate "2004.04.13"]
[Source "AjedrezVasco.co"]
[SourceDate "2004.04.18"]

1. e4 e6 2. d4 d5 3. Nc3 Nf6 4. Bg5 dxe4 5. Nxe4 Be7 6. Bxf6 Bxf6 7. Nf3 O-O 8.
c3 Nd7 9. Bd3 e5 10. Nxf6+ Qxf6 1/2-1/2

[Event "Euskadi ch"]
[Site "Portugalete (Bizkaia)"]
[Date "2004.04.14"]
[Round "3.5"]
[White "Huerga Leache, Mikel"]
[Black "Navarro Cia, Miguel"]
[Result "1/2-1/2"]
[WhiteElo "2092"]
[BlackElo "2326"]
[PlyCount "150"]
[EventDate "2004.04.13"]
[Source "AjedrezVasco.co"]
[SourceDate "2004.04.18"]

1. e4 Nf6 2. Nc3 d5 3. exd5 Nxd5 4. Bc4 Be6 5. Qf3 c6 6. Nge2 Nc7 7. Bxe6 Nxe6
8. b3 g6 9. O-O Bg7 10. Bb2 Qxd2 11. Ne4 Qh6 12. Bc1 Qh4 13. g3 Qh3 14. Rb1 Nd7
15. Nf4 Ne5 16. Qe2 Nd4 17. Nxh3 Nxe2+ 18. Kg2 Nxc1 19. Rbxc1 O-O 20. f4 Ng4
21. Rfe1 b6 22. Nhf2 Nxf2 23. Nxf2 e6 24. Ne4 Rfd8 25. Rcd1 Rd5 26. c4 Rd4 27.
c5 Rad8 28. Rxd4 Bxd4 29. Rd1 Rd5 30. cxb6 axb6 31. Rc1 c5 32. Kf3 h6 33. a4 f5
34. Nd2 Bb2 35. Rc2 Ba3 36. Ke3 Bb4 37. Nc4 Ba5 38. h3 Kg7 39. Rc1 Kf6 40. h4
Kg7 41. Ke2 g5 42. hxg5 hxg5 43. Ke3 Kg6 44. Ne5+ Kf6 45. Nc4 g4 46. Ke2 Bb4
47. Rc2 Rd8 48. Nxb6 e5 49. fxe5+ Kxe5 50. Nc4+ Kd4 51. Ne3 Ke5 52. Nc4+ Ke4
53. Nd2+ Kd4 54. Rc4+ Ke5 55. Rc2 Rc8 56. Ke3 Kf6 57. Ra2 Re8+ 58. Kf2 Rh8 59.
Nf1 Rb8 60. a5 Ra8 61. a6 Bc3 62. Kg2 Ke5 63. Ne3 Ra7 64. Nc4+ Ke4 65. Nd6+ Kd3
66. Nb5 Ra8 67. a7 Be5 68. Kf2 f4 69. gxf4 Bxf4 70. Ra3 g3+ 71. Kf3 Be5 72. Ra2
c4 73. bxc4 $11 Kxc4 74. Nc7 Bxc7 75. Rc2+ Kb5 $11 1/2-1/2

[Event "Euskadi ch"]
[Site "Portugalete (Bizkaia)"]
[Date "2004.04.14"]
[Round "3.6"]
[White "Fernandez, Gerardo"]
[Black "Manso Marquez, Felix"]
[Result "1-0"]
[WhiteElo "2228"]
[BlackElo "2097"]
[PlyCount "43"]
[EventDate "2004.04.13"]
[Source "AjedrezVasco.co"]
[SourceDate "2004.04.18"]

1. e4 c5 2. d3 e6 3. g3 Nc6 4. Bg2 d5 5. Nd2 g6 6. Ngf3 Bg7 7. O-O Nge7 8. exd5
exd5 9. d4 cxd4 10. Nb3 Qb6 11. Re1 O-O 12. Nfxd4 Bxd4 13. Nxd4 Qxd4 14. Qxd4
Nxd4 15. Rxe7 Nxc2 16. Rb1 Bf5 17. Bh6 Rfe8 18. Rxb7 Ne1 $11 19. Bxd5 Nf3+ 20.
Kg2 Bxb1 21. Rxf7 Ne1+ 22. Kf1 1-0

[Event "Euskadi ch"]
[Site "Portugalete (Bizkaia)"]
[Date "2004.04.14"]
[Round "3.8"]
[White "Diez Fraile, David"]
[Black "Hernandez Perez, Jesus"]
[Result "1/2-1/2"]
[WhiteElo "2163"]
[BlackElo "2088"]
[PlyCount "64"]
[EventDate "2004.04.13"]
[Source "AjedrezVasco.co"]
[SourceDate "2004.04.18"]

1. d4 e6 2. Nf3 d5 3. c4 c6 4. Nc3 Nf6 5. e3 Nbd7 6. Qc2 Bd6 7. Bd2 O-O 8.
O-O-O b6 9. e4 dxe4 10. Nxe4 Be7 11. Bd3 Bb7 12. Neg5 h6 13. h4 Qe8 14. Ne5 c5
15. Nxd7 Qxd7 16. dxc5 Bxc5 17. Nh7 Nxh7 18. Bxh7+ Kh8 19. Bc3 Qc6 20. Rh3 Rfd8
21. Rg3 Rxd1+ 22. Qxd1 Bf8 23. Bd3 f6 24. Qg4 Qe8 25. Bxf6 Qf7 26. Bc3 Rd8 27.
Qe2 Rd7 28. Kc2 Qf4 29. Rg4 Qf7 30. Rg6 Qf4 31. Rg4 Qf7 32. g3 Bf3 1/2-1/2